| 000 | 01121cab a2200229 4500 | ||
|---|---|---|---|
| 001 | ABS54198 | ||
| 008 | 090401t1995 xxu||||| |||| 00| 0 eng d | ||
| 035 | _a(Sirsi) u8977 | ||
| 041 | _aeng | ||
| 245 | _aGraysim Holdings Ltd v P & O Property Holdings Ltd | ||
| 260 | _c1995 | ||
| 350 | _a0 | ||
| 490 |
_aWeekly Law Reports _v(1995) 3 WLR 854-865(12) |
||
| 520 | _aHL 23 November 1995. Tenant had security of tenure of enclosed market hall. Tenant provided facilities and services, and fitted the hall with stalls let to individual stallholders. The landlord opposed the tenant`s application for new tenancy. The tenant appealed against the decision that they did not occupy the market hall for the purposes of its business. Appeal was allowed on the grounds that the tenant had protection of the Landlord and Tenant Act 1954 and that the holding consisted of the entire premises. | ||
| 650 | _aLANDLORD AND TENANT ACT 1954 | ||
| 650 | _aMARKET HALL | ||
| 650 | _aNEW TENANCY | ||
| 650 | _aSECURITY OF TENURE | ||
| 690 | _aLANDLORD AND TENANT-CASE LAW-BUSINESS TENANCIES | ||
| 942 | _n0 | ||
| 948 | _c04/03/1997 | ||
| 999 |
_c5563 _d5563 |
||